Issues in urban econimics (Record no. 695217)

MARC details
000 -LEADER
fixed length control field 00815nam a2200277Ia 4500
003 - CONTROL NUMBER IDENTIFIER
control field OSt
005 - DATE AND TIME OF LATEST TRANSACTION
control field 20220927105920.0
008 - FIXED-LENGTH DATA ELEMENTS--GENERAL INFORMATION
fixed length control field 220926b |||||||| |||| 00| 0 eng d
037 ## - SOURCE OF ACQUISITION
Terms of availability Reference Collections
040 ## - CATALOGING SOURCE
Original cataloging agency RTL
Transcribing agency RTL
Language of cataloging eng
041 ## - LANGUAGE CODE
Source of code eng
Language code of text/sound track or separate title eng
100 ## - MAIN ENTRY--PERSONAL NAME
Personal name Perloff Harvey S Ed.
9 (RLIN) 375692
245 #0 - TITLE STATEMENT
Title Issues in urban econimics
Remainder of title Papers
260 ## - PUBLICATION, DISTRIBUTION, ETC.
Place of publication, distribution, etc. Baltimore
Name of publisher, distributor, etc. R F F
Date of publication, distribution, etc. 1968
300 ## - PHYSICAL DESCRIPTION
Extent "x, 668p."
Dimensions cm.
490 ## - SERIES STATEMENT
Series statement Conference on Urban Economics
500 ## - GENERAL NOTE
General note Resources for the future
650 ## - SUBJECT ADDED ENTRY--TOPICAL TERM
Topical term or geographic name entry element Regional Economics
700 ## - ADDED ENTRY--PERSONAL NAME
Personal name Wingo Lowdon Ed.
9 (RLIN) 375693
942 ## - ADDED ENTRY ELEMENTS (KOHA)
Classification part "X;89K33, K8"
Koha item type

No items available.

Copyright @ Delhi University Library System